| 000 | 00471nam a22001817a 4500 | ||
|---|---|---|---|
| 003 | NUST - PNEC | ||
| 005 | 20170116180916.0 | ||
| 008 | 150904b xxu||||| |||| 00| 0 eng d | ||
| 020 | _a0045310033 | ||
| 040 | _cLIBRARY | ||
| 082 | _a531.32 THO | ||
| 100 |
_97449 _aThomson, William Tyrrell |
||
| 245 |
_aTheory of vibration with applications _cThomson, William Tyrrell |
||
| 250 | _a3rd ed. | ||
| 260 | _cc.1988 | ||
| 650 |
_97450 _aVibration _xME |
||
| 942 |
_2ddc _cBK |
||
| 999 |
_c65463 _d65463 |
||